El Taller de las pequeñas estampillas en la Península Ibérica / por E. Sanmartí-Grego
Descripción Física:
p. 153-173 : il. ; 27 cm
Colección:
Monografías ; 41
Materias:
Ceràmica prehistòrica -- Espanya
MARC
| LEADER | 00000nam a2200000Ia 4500 | ||
|---|---|---|---|
| 001 | 7807 | ||
| 008 | 160829s1973 xx 000 0 cat d | ||
| 080 | |a FU-21-29 | ||
| 100 | |a Sanmartí i Grego, Enric |9 19674 | ||
| 245 | |a El Taller de las pequeñas estampillas en la Península Ibérica / por E. Sanmartí-Grego | ||
| 260 | |a Barcelona : |b Diputación de Barcelona. Instituto de Prehistoria y Arqueología, |c 1973 | ||
| 300 | |a p. 153-173 : |b il. ; |c 27 cm | ||
| 490 | |a Monografías ; 41 | ||
| 590 | |a Separata d'Ampurias ; 35 | ||
| 650 | |a Ceràmica prehistòrica |x Espanya |9 25351 | ||
| 710 | 2 | |a Instituto de Prehistoria y Arqueología (Barcelona, Catalunya) |9 54255 | |
| 901 | |a Arxiu | ||
| 942 | |n 1 |2 udc | ||
| 952 | |0 0 |1 0 |4 0 |6 FU2129 |7 1 |9 43573 |a Arxiu |b Arxiu |d 2016-12-01 |l 0 |o FU-21-29 |p 7807 |r 2016-12-01 00:00:00 |w 2016-12-01 |y ARXIU | ||
| 999 | |c 46120 |d 46120 | ||